Franchising pre každého

Základné kroky potrebné k tvorbe franchisingového reťazca. Prvky podnikateľskej koncepcie vhodnej pre franchising. Pilotná prevádzka. Centrála a tím odborníkov. Výber a prínos prijímateľov. Informácie o poskytovateľovi. Franchisingové asociácie. Franchisingové veľtrhy.

Na minha lista:
Detalhes bibliográficos
Autor principal: Štensová, Antónia
Outros Autores: Borguľová, Andrea
Formato: Capítulo de Livro
Idioma:eslovaco
Assuntos:
Tags: Adicionar Tag
Sem tags, seja o primeiro a adicionar uma tag!

MARC

LEADER 00000naa a2200000 4500
001 r040654
005 20230919115451.0
041 0 |a slo 
044 |a SK 
245 1 0 |a Franchising pre každého  |c Antónia Štensová, Andrea Borguľová 
520 |a Základné kroky potrebné k tvorbe franchisingového reťazca. Prvky podnikateľskej koncepcie vhodnej pre franchising. Pilotná prevádzka. Centrála a tím odborníkov. Výber a prínos prijímateľov. Informácie o poskytovateľovi. Franchisingové asociácie. Franchisingové veľtrhy. 
610 2 0 |a franchising 
610 2 0 |a podnik 
610 2 0 |a podnikanie 
610 2 0 |a podnikatelia 
610 2 0 |a know-how 
610 2 0 |a koncepcie 
610 2 0 |a právo priemyselné 
610 2 0 |a tímy pracovné 
610 2 0 |a iniciatíva pracovná 
100 1 |a Štensová, Antónia 
700 1 |a Borguľová, Andrea